<?xml version="1.0" encoding="UTF-8"?><?xml-stylesheet type="text/xsl" href="static/style.xsl"?><OAI-PMH xmlns="http://www.openarchives.org/OAI/2.0/" xmlns:xsi="http://www.w3.org/2001/XMLSchema-instance" xsi:schemaLocation="http://www.openarchives.org/OAI/2.0/ http://www.openarchives.org/OAI/2.0/OAI-PMH.xsd"><responseDate>2026-06-05T03:55:05Z</responseDate><request verb="GetRecord" identifier="oai:riuma.uma.es:10630/15406" metadataPrefix="marc">https://riuma.uma.es/rest/oai/request</request><GetRecord><record><header><identifier>oai:riuma.uma.es:10630/15406</identifier><datestamp>2026-02-03T11:46:09Z</datestamp><setSpec>com_10630_2254</setSpec><setSpec>col_10630_37959</setSpec></header><metadata><record xmlns="http://www.loc.gov/MARC21/slim" xmlns:dcterms="http://purl.org/dc/terms/" xmlns:doc="http://www.lyncode.com/xoai" xmlns:xsi="http://www.w3.org/2001/XMLSchema-instance" xsi:schemaLocation="http://www.loc.gov/MARC21/slim http://www.loc.gov/standards/marcxml/schema/MARC21slim.xsd">
   <leader>00925njm 22002777a 4500</leader>
   <datafield ind2=" " ind1=" " tag="042">
      <subfield code="a">dc</subfield>
   </datafield>
   <datafield ind2=" " ind1=" " tag="720">
      <subfield code="a">Pagán-Rodríguez, Ricardo Braulio</subfield>
      <subfield code="e">author</subfield>
   </datafield>
   <datafield ind2=" " ind1=" " tag="720">
      <subfield code="a">Benítez-Llamazares, Nuria</subfield>
      <subfield code="e">author</subfield>
   </datafield>
   <datafield ind2=" " ind1=" " tag="720">
      <subfield code="a">Rivas-Sánchez, Carlos José</subfield>
      <subfield code="e">author</subfield>
   </datafield>
   <datafield ind2=" " ind1=" " tag="720">
      <subfield code="a">Ordóñez-de-Haro, María del Carmen</subfield>
      <subfield code="e">author</subfield>
   </datafield>
   <datafield ind2=" " ind1=" " tag="720">
      <subfield code="a">Molina-Garrido, María del Carmen</subfield>
      <subfield code="e">author</subfield>
   </datafield>
   <datafield ind2=" " ind1=" " tag="260">
      <subfield code="c">2018-03-16</subfield>
   </datafield>
   <datafield ind2=" " ind1=" " tag="520">
      <subfield code="a">En este artículo presentamos un proyecto de innovación docente (PIE 15-70) concedido en la Convocatoria 2015-2017 de Proyectos de Innovación Educativa de la Universidad de Málaga. Dicho proyecto se centra en la asignatura Hacienda Pública I, inscrita al departamento de Hacienda Pública, Política Económica y Economía Política, pero impartida en dos grados diferentes: el Grado en Economía y el Doble Grado en Economía y Administración y Dirección de Empresas. Esta asignatura comparte contenidos en los dos grados, pero posee unas características muy diferentes en relación a dos variables fundamentales: a) el número de alumnos matriculados (los alumnos del doble grado alcanzaron aproximadamente un tercio de los matriculados en el Grado de Economía durante el curso académico 2014-2015) y b) las motivaciones, características, perfiles curriculares que poseen y sobre todo el índice de aprobados son muy diferentes. En los cursos académicos precedentes se han empleado herramientas de aprendizaje y comprensión comunes a ambas tipologías de alumnos, garantizando un nivel de impartición coherente con los objetivos docentes. Sin embargo, dicha metodología no permitía ajustarse de forma adecuada a la singularidad de cada grado correspondiente. Con esta nueva propuesta docente, definimos elementos e instrumentos comunes y diferenciados que fomentan el nivel de excelencia exigido para cada caso: en especial, elevar el número de alumnos que asisten a clase y que se presentan a las pruebas de evaluación.</subfield>
   </datafield>
   <datafield ind1="8" ind2=" " tag="024">
      <subfield code="a">https://hdl.handle.net/10630/15406</subfield>
   </datafield>
   <datafield tag="653" ind2=" " ind1=" ">
      <subfield code="a">Enseñanza  - Innovaciones</subfield>
   </datafield>
   <datafield tag="653" ind2=" " ind1=" ">
      <subfield code="a">Hacienda pública - Estudio y enseñanza</subfield>
   </datafield>
   <datafield ind2="0" ind1="0" tag="245">
      <subfield code="a">Innovación metodológica en la enseñanza de la Hacienda Pública y su aplicación en el Grado de Economía y en el Doble Grado de Economía y Administración y Dirección de Empresas</subfield>
   </datafield>
</record>
</metadata></record></GetRecord></OAI-PMH>